00338nam a2200109Ia 4500008004000000082001500040100002400055245007200079260004700151300000800198650002200206210210b1980 xxu||||| |||| 00| 0 eng d a377.1 MORY aMORISSETTE (Herve). aYouth aware: fifteen themes for youth catechesis on social problem. aBangalore.bThe Holy Cross Fathers.,c1980 a263 aValue Education